Czarno-białe flagi państw (bez symboli) - Statystyki

Ogólne statystyki
  • Ten quiz został rozwiązany 37 razy
  • Średni wynik to 7 z 16
Statystyki odpowiedzi
Obrazkowy Odpowiedź % Poprawnych
Armenia
71%
Francja
65%
Irlandia
65%
Włochy
61%
Kolumbia
58%
Austria
55%
Bułgaria
52%
Jemen
48%
Czad
45%
Peru
42%
Litwa
35%
Mali
32%
Boliwia
23%
Luksemburg
23%
Gabon
19%
Sierra Leone
16%
Nie znaleziono quizów pasujących do podanych kryteriów
Rozkład punktacji
Procent ludzi z każdym wynikiem
Percentyl według liczby udzielonych odpowiedzi
Twoja historia wyników
Nie rozwiązałeś tego quizu